Регионална библиотека "Любен Каравелов" - Русе

Дневникът на един депутат (Запис номер 160043)

MARC детайли
000 -Лидер
Контролно поле с фиксирана дължина 02429nam a2200481 c 4500
001 - Контролен номер на записа
Контролно поле 160043
003 - Код на организацията, давaща контролен номер
Контролно поле BLK
005 - Дата и час на последна редакция
Контролно поле 20250109124012.0
008 - Елементи от данни с фиксирана дължина
fixed length control field 180410b bul|||||r ||||||| ||bul||
010 ## - Наследен системен номер
LC control number KNG00167245000
020 ## - Международен стандартен номер на книга ISBN
Международен стандартен номер на книга ISBN 978-619-7071-67-2
040 ## - Източник на каталожния запис
Идентификатор на билиотеката - собственик на записа BLK
041 ## - Код за език
Код за езика на текст/звукозапис или на отделно заглавие Български
Код за езика КДБФ Български
080 ## - УДК
Текстов определител УДК Българска литература
УДК код - определител по УДК 821.163.2
УДК определител -94
УДК - код + определител 821.163.2-94
080 ## - УДК
Текстов определител УДК Правителство
УДК код - определител по УДК 328.13
УДК определител (497.2)(082)(092)
УДК - код + определител 328.13(497.2)(082)(092)
080 ## - УДК
Текстов определител УДК Иван Попконстантинов Попиванов. Депутат в ХХV ОНС, русенец
УДК код - определител по УДК 929 Попконстантинов, Иван
УДК - код + определител 929 Попконстантинов, Иван
100 1# - Редна дума - Автор
Автор Попконстантинов, Иван Панайотов
Авторска отговорност първи автор
R(LIN) 334716
139 ## - Редно поле
Редна дума Попконстантинов, Иван Панайотов
Авторски знак Поп - П 74
245 10 - Сведения за заглавието
Заглавие Дневникът на един депутат
Подзаглавни данни Иван Попконстантинов, Центр. соф. затвор, 1945 г.
Редно поле (дума) Иван Панайотов Попконстантинов; състав., ред., увод и бел. Веселина Йорданова Антонова; състав., ред., увод и бел. Велислава Владимирова Донева.
257 ## - Страна на издаване
Страна на създаване/издаване България
260 ## - Област на издателските данни
Име на издателя, разпространителя и проч. Медиатех
Година на издаване 2014
Печатница Русе : РУ Ангел Кънчев
Място на издаване, разпространение и проч. Русе
300 ## - Физическа характеристика
Страници 181 с.
Илюстрации и др. с ил., портр., факс.
Размери/Мащаб 23 см
380 ## - Жанр
Жанр Худож. лит.
490 ## - СЕРИИ (Колекции)
Име на серия Русенски летописи
№: серия т. 2
500 ## - Общи забележки
Забележка Изд. на Русенски унив. Ангел Кънчев, Държ. архив - Русе. - Библиогр. под линия.
600 14 - Име на лице, използвано като предмет
За него / За нея Попконстантинов, Иван
9 (RLIN) 334717
651 #4 - Допълнително описание по предмет - топоним
Географско понятие България
9 (RLIN) 241624
653 ## - Ключова дума – ненормативна
Ключова дума дневници
653 ## - Ключова дума – ненормативна
Ключова дума Иван Попконстантинов
659 ## - Тематичен бюлетин
Тематичен бюлетин К
659 ## - Тематичен бюлетин
Тематичен бюлетин Н
700 1# - Други автори (авторска отговорност)
Лично име Антонова, Веселина Йорданова
Автороска отговорност (Описва отношението между автора и произведението) състав., ред., увод и бел.
9 (RLIN) 365633
700 ## - Други автори (авторска отговорност)
Лично име Донева, Велислава Владимирова
9 (RLIN) 373694
852 ## - Местоположение
Форматна сигнатура Цб 271499
852 ## - Местоположение
Форматна сигнатура К 821.163.2/П 74 И
856 4# - Електронен адрес и достъп
Електронен формат pdf - файл
856 4# - Електронен адрес и достъп
Електронен формат pdf - файл
942 ## - АРТИКУЛИ
Вид на библиотечния материал Книги
Скрит в OPAC Не
Периодичен библиозапис Да
944 ## - СЪЗДАВАНЕ И РЕДАКЦИЯ на ЗАПИСА
Създаване/Редакция Създаване
Дата на регистрацията/редакция 13.11.2014
Статус, дата на статуса Кети Илиева
Служител, извършил регистрацията/редакцията 30550
944 ## - СЪЗДАВАНЕ И РЕДАКЦИЯ на ЗАПИСА
Създаване/Редакция Редакция
Дата на регистрацията/редакция 06.07.2015
Статус, дата на статуса ф /
Служител, извършил регистрацията/редакцията Людмила_Стоянова
999 ## - СИСТЕМНИ КОНТРОЛНИ НОМЕРА
Koha biblionumber 160043
Koha biblioitemnumber 160043
999 ## - СИСТЕМНИ КОНТРОЛНИ НОМЕРА
Koha biblioitemnumber 160043
999 ## - СИСТЕМНИ КОНТРОЛНИ НОМЕРА
Koha biblioitemnumber 160043
Наличности
Код за отписване Код за изгубен артикул Код за повреда Коз за рестрикции Код за отдаване Артикулен № Име на библиотеката - собственик Име на библиотеката, в която се намира в момента Статус (Текущо местоположение) Дата на вписване в системата Местоположение - отдел Цена в лева Инвентарен номер Систематично азбучна сигнатура Баркод Номер на екземпляра Цена в евро Служебна бележка Служебен тип на артикула Източник на класификационната схема
  Не е изгубен Не е повреден без рестрикции ползва се в читалня 267457 Регионална библиотека "Любен Каравелов" Русе Регионална библиотека "Любен Каравелов" Русе Хранилище 2014-11-14 Основен фонд - ползва се само за читалня 18.00 120000782303 Цб 271499 120000782303 1 9.20 Дост: DA Вид: А N: 25 Дата: 14.11.2014 Книги  
  Не е изгубен Не е повреден без рестрикции заемане за дома 267458 Регионална библиотека "Любен Каравелов" Русе Регионална библиотека "Любен Каравелов" Русе Заемна - подръчен фонд 2014-11-14 Заемна - подръчен фонд 18.00 120000782304 П 886.7-9/П 74 120000782304 2 9.20 Дост: DA Вид: А N: 25 Дата: 14.11.2014 Дата инв: 12.02.2018 Бележки инв: П2018 Книги  
  Не е изгубен Не е повреден без рестрикции ползва се в читалня 267459 Регионална библиотека "Любен Каравелов" Русе Регионална библиотека "Любен Каравелов" Русе Краезнание 2014-11-14 Краезнание 18.00 120000782305 К 821.163.2/П 74 И 120000782305 3 9.20 Дост: DA Вид: А N: 25 Дата: 14.11.2014 Дата инв: 07.11.2017 Бележки инв: К2017 Книги Universal Decimal Classification
Vip Innovations Ltd, Rousse, Bulgaria 2025